| 000 | 00849nam a2200253Ia 4500 | ||
|---|---|---|---|
| 003 | OSt | ||
| 005 | 20220930063739.0 | ||
| 006 | a|||||r|||| 00| 0 | ||
| 007 | ta | ||
| 008 | 220926b |||||||| |||| 00| 0 eng d | ||
| 024 | _a3258 | ||
| 037 | _cTheses | ||
| 040 |
_aCRL _cCRL _beng |
||
| 041 |
_2eng _aeng |
||
| 100 |
_aChowdhury Veena _9523459 |
||
| 110 |
_aUniversity of Delhi. Faculty of Medical Science. Department of Radio-diagnosis _9520258 |
||
| 245 | 0 | _aDrip infusion urography vis a vis standard urography in diseases of the urinary tract | |
| 260 | _c1977 | ||
| 650 |
_aDIAGNOSIS _9519345 |
||
| 700 |
_a Dr M M Saha Supervisor _9520369 |
||
| 700 |
_aUniversity of Delhi. Faculty of Medical Science. Department of Radio-diagnosis _9520260 |
||
| 942 |
_cDIS _2CC |
||
| 999 |
_c857260 _d857260 |
||